| 000 | 00486nam a2200193 a 4500 | ||
|---|---|---|---|
| 001 | 1763014519894 | ||
| 003 | YourLibrary | ||
| 005 | 20251113114633.0 | ||
| 008 | 251113s2003##################000#0#eng## | ||
| 020 | _a9780415308373 | ||
| 082 | 0 | 4 |
_a615.32109 _bOGI |
| 100 | 1 |
_aOgihara, Yukio, _eauthor. |
|
| 245 | 1 | 0 | _aSho-Saiko-To : |
| 260 |
_bCRC Press, _c2003. |
||
| 300 | _a240 pages | ||
| 650 | 0 | _aHealth & Fitness. | |
| 942 | _cENGLISH | ||
| 040 |
_aYourLibrary _beng _cYourLibrary |
||
| 999 |
_c597385 _d597385 |
||